000 00505ntaaa2200193 4500
003 01
005 20251027202444.0
008 0714s1973 ag 01
040 _aAR-BaBN
_bspa
_cAR-BaBN
_eaacr
_dRIC
082 _a266.0400 Sa7
100 _aSargent, Douglas N.
_923424
245 _aThe making of a missionary
250 _a1 ed.
260 _aLondon :
_bHodder and Stoughton,
_cc1960
300 _ax, 155 p.
500 _ala preparación para ser misionero
650 _aMisioneros
_98422
942 _cBK
999 _c19550
_d19550